书目信息 |
| 题名: |
饮水强化处理技术及工程实例
|
|
| 作者: | 刘宏远 , 张燕 编著 | |
| 分册: | ||
| 出版信息: | 北京 化学工业出版社 2005 |
|
| 页数: | 271页 | |
| 开本: | 26cm | |
| 丛书名: | ||
| 单 册: | ||
| 中图分类: | TU991.2 | |
| 科图分类: | ||
| 主题词: | 饮用水--给水处理 , 饮用水 , 给水处理 | |
| 电子资源: | ||
| ISBN: | 7-5025-6634-1 | |
| 000 | 00977nam0 2200265 450 | |
| 001 | 012007033338 | |
| 005 | 20070517143448.75 | |
| 010 | @a7-5025-6634-1@dCNY40.00 | |
| 100 | @a20070509d2005 km y0chiy0120 ea | |
| 101 | 0 | @achi |
| 102 | @aCN@b110000 | |
| 105 | @ay z 000yy | |
| 106 | @ar | |
| 200 | 1 | @a饮水强化处理技术及工程实例@Ayin shui qiang hua chu li ji shu ji gong cheng shi li@f刘宏远,张燕编著@Fliu hong yuan,zhang yan bian zhu |
| 210 | @a北京@c化学工业出版社@d2005 | |
| 215 | @a271页@d26cm | |
| 330 | @a本书以饮用水处理工艺为主线,全面论述了饮用水强化处理技术。共分8章,首先对水资源的概况,地表水、地下水污染现状进行了阐述,并介绍了饮用水常规处理工艺,详细地对饮用水的强化处理工艺进行论述。 | |
| 606 | 0 | @a饮用水@x给水处理 |
| 606 | 0 | @a饮用水 |
| 606 | 0 | @a给水处理 |
| 690 | @aTU991.2@v4 | |
| 701 | 0 | @a刘宏远@Aliu hong yuan@f(1971~)@4编著 |
| 701 | 0 | @a张燕@Azhang yan@c(女,@f1971~)@4编著 |
| 801 | 0 | @aCN@bRULIN@c20070517 |
| 905 | @dTU991.2@e350@s10 | |
| 饮水强化处理技术及工程实例/刘宏远,张燕编著.-北京:化学工业出版社,2005 |
| 271页;26cm |
| ISBN 7-5025-6634-1:CNY40.00 |
| 本书以饮用水处理工艺为主线,全面论述了饮用水强化处理技术。共分8章,首先对水资源的概况,地表水、地下水污染现状进行了阐述,并介绍了饮用水常规处理工艺,详细地对饮用水的强化处理工艺进行论述。 |
| ● |
| 相关链接 |
|
|
|
|
正题名:饮水强化处理技术及工程实例
索取号:TU991.2/350
 
预约/预借
| 序号 | 登录号 | 条形码 | 馆藏地/架位号 | 状态 | 备注 |
| 1 | 0574547 | 205745470 | 第二样本阅览室/ [索取号:TU991.2/350] | 在馆 | |
| 2 | 0574548 | 205745489 | 第三借阅区/ [索取号:TU991.2/350] | 在馆 | |
| 3 | 0574549 | 205745498 | 第三借阅区/ [索取号:TU991.2/350] | 在馆 | |
| 4 | 0574550 | 205745504 | 第三借阅区/ [索取号:TU991.2/350] | 在馆 | |
| 5 | 0574551 | 205745513 | 第三借阅区/ [索取号:TU991.2/350] | 在馆 | |
| 6 | 0574552 | 205745522 | 第三借阅区/ [索取号:TU991.2/350] | 在馆 | |
| 7 | 0574553 | 205745531 | 第三借阅区/ [索取号:TU991.2/350] | 在馆 | |
| 8 | 0574554 | 205745540 | 第三借阅区/ [索取号:TU991.2/350] | 在馆 | |
| 9 | 0574555 | 205745559 | 第三借阅区/ [索取号:TU991.2/350] | 在馆 | |
| 10 | 0574556 | 205745568 | 第三借阅区/ [索取号:TU991.2/350] | 在馆 |